000 00814nam a2200229Ia 4500
005 20250108125106.0
008 008 250107s9999 xx 000 0 hin d
020 _a978-93-5529-977-2
037 _aTB
040 _aCRL
_bhin
_cCRL
041 _ahin
_2hin
084 _aV2.P R2
084 _qCRL
100 _aभारद्वाज, वीरेन्द्र, संपा.
245 0 _aकुटुम्ब प्रबोधन
_cभारद्वाज, वीरेन्द्र, संपा.
260 _aदिल्ली, भारत
_bए . पी . ग्राफिक इन्टरप्राइजिज
_c3278
300 _a175पृ0
365 _aINR
_b750
650 _aसमाजशास्त्र
942 _cTB
_hV2.P R2
999 _c1235666
_d1235666